000 01114cab a2200289 4500
001 ABS51469
008 090401t1994 xxu||||| |||| 00| 0 eng d
035 _a(Sirsi) u28789
041 _aeng
245 _aAlternative land use
260 _c1994
300 _aLOAN
350 _a0
490 _aFarm Development Review
_v8(11) September 1994, (8)
520 _aIncludes articles on european structural funds available for diversification schemes, farmhouse public house conversions, bioethanol fuel production and intensive trout farming. Reviews the "1994 organic farm management handbook" (University of Wales Dept of Agricultural Scienes £10) and the Forestry Commission`s "The rural property market: the influence of woods on property values in 1993" £5)
650 _aBIOETHANOL FUEL PRODUCTION
650 _aEUROPEAN COMMUNITY
650 _aFARM DIVERSIFICATION
650 _aINTENSIVE TROUT FARMING
650 _aORGANIC FARMING
650 _aPROPERTY VALUES
650 _aSTRUCTURAL FUNDS
650 _aWOODLANDS
690 _aRURAL PRACTICE
942 _n0
948 _c04/03/1997
999 _c19365
_d19365